CTA Bus Routes - Statistics

General Stats
  • This quiz has been taken 64 times
  • The average score is 51 of 124
Answer Stats
Route Name Answer % Correct
63rd 63
79%
87th 87
79%
Ashland 9
79%
31st 31
77%
47th 47
77%
95th 95
77%
W 103rd 103
74%
71st/South Shore 71
74%
79th 79
74%
Clark 22
72%
31st/35th 35
72%
43rd 43
72%
51st 51
72%
67th/69th/71st 67
72%
Halsted 8
72%
111th/King Drive 111
69%
Outer DuSable Lake Shore Express 147
69%
16th/18th 18
69%
59th/61st 59
67%
Belmont 77
67%
Pullman/115th 115
64%
Broadway 36
64%
Garfield 55
64%
Chicago 66
64%
Lawrence 81
64%
Vincennes/112th 112
62%
Cottage Grove 4
62%
Western 49
62%
Damen 50
62%
Michigan/119th 119
59%
74th/75th 75
59%
Irving Park 80
59%
Inner Lake Shore Drive/Michigan Express 146
56%
Sheridan 151
56%
Addison 152
54%
North 72
54%
Armitage 73
54%
Fullerton 74
54%
Diversey 76
54%
Bronzeville/Union Station 1
51%
King Drive 3
51%
Montrose 78
51%
Roosevelt 12
49%
Madison 20
49%
State 29
49%
Grand 65
49%
Jeffery Jump J14
49%
North Western 49B
46%
Cicero 54
46%
Archer 62
46%
Cermak 21
44%
Pershing 39
44%
Pulaski 53
44%
Milwaukee 56
44%
Foster 92
44%
California 94
44%
Devon 155
41%
South Pulaski 53A
41%
South Halsted 8A
41%
Stony Island 28
38%
South Cicero 54B
38%
West 63rd 63W
38%
Division 70
38%
West Lawrence 81W
38%
California/Dodge 93
38%
Lincoln 11
36%
Hyde Park Express 2
36%
Wentworth 24
36%
55th/South Austin 55A
36%
Jackson Park Express 6
36%
Harrison 7
36%
Kimball/Homan 82
36%
Austin 91
33%
Museum of Science & Industry 10
31%
La Salle 156
31%
UChicago/Hyde Park 171
31%
Sedgwick 37
31%
55th/Narragansett 55N
31%
Skokie 97
31%
Jeffery Local 15
28%
69th/UPS Express 169
28%
Kedzie 52
28%
North Cicero/Skokie Blvd 54A
28%
Narragansett/Ridgeland 86
28%
Lunt 96
28%
Navy Pier 124
26%
Jackson 126
26%
Claredon/Michigan Express 148
26%
UChicago/Kenwood 172
26%
Evanston Circular 206
26%
Wallace/Racine 44
26%
Blue Island/26th 60
26%
Higgins 88
26%
Harlem 90
26%
Water Tower Express 125
23%
Stockton/La Salle Express 134
23%
Claredon/La Salle Express 135
23%
Sheridan/La Salle Express 136
23%
United Center Express 19
23%
UChicago Hospitals 192
23%
Central/Ridge 201
23%
South Kedzie 52A
23%
Peterson 84
23%
Central 85
23%
North Central 85A
23%
Streeterville/Taylor 157
21%
South Chicago 30
21%
South Shore Night Bus 5
21%
Archer/Harlem 62H
21%
E 103rd 106
18%
Museum Campus 130
18%
Laramie 57
18%
South Shore Express 26
15%
South Damen 48
15%
Jeffery Manor Express 100
13%
Halsted/95th 108
13%
West 65th 165
13%
South Michigan 34
13%
Pullman Shuttle 111A
10%
Ogilvie/Streeterville Express 120
10%
Union/Streeterville Express 121
10%
Soldier Field Express 128
10%
Stockton/Michigan Express 143
10%
Northwest Highway 68
10%
No matching quizzes found
Score Distribution
Percent of People with Each Score
Percentile by Number Answered
Your Score History
You have not taken this quiz